000 00759nam a2200277Ia 4500
003 OSt
005 20220912151228.0
006 a|||||r|||| 00| 0
007 ta
008 220909b |||||||| |||| 00| 0 eng d
024 _a42001
037 _cTextual
040 _aCSL
_beng
_cCSL
041 _aeng
082 _aD65,8(B)92F, L81
100 _aDavis Gordon B
245 0 _aFortran: A structured disciplined style
260 _aNew York
_b MaGraw Hill
_c1978
300 _avii, 368p.
_ccm.
650 _a Computer languages
650 _a Fortran
650 _aComputer science
700 _a Hoffmann Thomas R
942 _hD65,8(B)92F, L81
_cTEXL
_2CC
999 _c64054
_d64054